| 000 | 00694nam a2200289 a 4500 | ||
|---|---|---|---|
| 003 | AR-BaBNM | ||
| 005 | 20251128203620.0 | ||
| 008 | 082120s2002 ||||||||||||||000 | spa|| | ||
| 040 | _cAR-BaBNM | ||
| 100 | 1 | _aAstrana Marín, Luis | |
| 245 | 0 | 0 | _aVida azarosa de Lope de Vega |
| 250 | _a2ª ed. aum. y corr. | ||
| 260 |
_aBarcelona _bJuventud _c1941 |
||
| 300 |
_a344 p. _bláms. |
||
| 650 | 4 | _aBIOGRAFIAS | |
| 650 | 4 | _aLITERATURA ESPAÑOLA | |
| 650 | 4 | _aVIDA LITERARIA | |
| 650 | 4 | _aTEATRO | |
| 650 | 4 | _aMISTICISMO | |
| 650 | 4 | _aRELIGION | |
| 650 | 4 | _aRENACIMIENTO | |
| 653 | _aBARROCO | ||
| 653 | _aSIGLO DE ORO | ||
| 655 | _aBIOGRAFIAS | ||
| 942 | _cBK | ||
| 998 | _cMARTIN | ||
| 999 |
_c4149 _d4149 |
||